China's arms brigade at LAC still Alive (Record no. 1678771)

MARC details
000 -LEADER
fixed length control field 00673 a2200229 4500
005 - DATE AND TIME OF LATEST TRANSACTION
control field 20260413123529.0
008 - FIXED-LENGTH DATA ELEMENTS--GENERAL INFORMATION
fixed length control field 260413b |||||||| |||| 00| 0 eng d
020 ## - INTERNATIONAL STANDARD BOOK NUMBER
International Standard Book Number 978-93-5516-475-9
037 ## - SOURCE OF ACQUISITION
Terms of availability TB
040 ## - CATALOGING SOURCE
Original cataloging agency CRL
Transcribing agency CRL
041 ## - LANGUAGE CODE
Source of code eng
Language code of text/sound track or separate title eng
084 ## - COLON CLASSIFICATION NUMBER
Classification number V41.P1 R5
Assigning agency CRL
100 ## - MAIN ENTRY--PERSONAL NAME
Personal name Amitabh Kishore
9 (RLIN) 1114109
245 ## - TITLE STATEMENT
Title China's arms brigade at LAC still Alive
260 ## - PUBLICATION, DISTRIBUTION, ETC.
Place of publication, distribution, etc. New Delhi, India:
Name of publisher, distributor, etc. Sumit Enterprises,
Date of publication, distribution, etc. 2025.
300 ## - PHYSICAL DESCRIPTION
Extent 244p.
365 ## - TRADE PRICE
Price amount 1495
Currency code INR
650 ## - SUBJECT ADDED ENTRY--TOPICAL TERM
Topical term or geographic name entry element China-History
9 (RLIN) 815082
650 ## - SUBJECT ADDED ENTRY--TOPICAL TERM
Topical term or geographic name entry element History
942 ## - ADDED ENTRY ELEMENTS (KOHA)
Koha item type Textbook
Source of classification or shelving scheme Colon Classification (CC)
Classification part V41.P1 R5
Holdings
Withdrawn status Lost status Source of classification or shelving scheme Damaged status Not for loan Home library Current library Date acquired Source of acquisition Cost, normal purchase price Inventory number Total Checkouts Full call number Barcode Date last seen Cost, replacement price Price effective from Koha item type
    Colon Classification (CC)     Central Library Central Library 2026-04-13 Prajana Books 1196.00 16 & 18/02/2026   V41.P1 R5 CL1926381 2026-02-18 1495.00 2026-02-18 Textbook
Copyright @ Delhi University Library System